[Event "Golden Cleopatra op"]
[Site "Cairo"]
[Date "2016.12.13"]
[Round "1"]
[White "Wesa, Yousry"]
[Black "Korneev, Oleg"]
[Result "0-1"]
[WhiteElo "1751"]
[BlackElo "2590"]
[PlyCount "54"]
[EventDate "2016.12.13"]
[EventType "swiss"]
[EventRounds "10"]
[EventCountry "EGY"]
[SourceTitle "CBM 176 Extra"]
[Source "ChessBase"]
[SourceDate "2017.03.02"]
[SourceVersion "1"]
[SourceVersionDate "2017.03.02"]
[SourceQuality "1"]

1. d4 d5 2. Nf3 Nf6 3. e3 c5 4. dxc5 Qa5+ 5. Qd2 Qxc5 6. Qc3 e6 7. Ne5 Nbd7 8. Qxc5 Bxc5 9. Bb5 a6 10. Nxd7 Bxd7 11. Bxd7+ Kxd7 12. Nd2 Rhc8 13. c3 b5 14. b4 Bd6 15. Bb2 a5 16. bxa5 Be5 17. a3 Bxc3 18. Bxc3 Rxc3 19. 0-0 Rxa5 20. Rfb1 Ne4 21. Nb3 Ra4 22. Nd4 Rcxa3 23. Rxa3 Rxa3 24. Nxb5 Ra2 25. f3 Nd2 26. Rc1 Nc4 27. e4 Kc6 0-1